000 01488cam a2200337 i 4500
003 DO-SdBNP
005 20231013094243.0
007 ta
008 751003s2016 sp 000 0 spa d
020 _a9788437604909
040 _aDO-SdBNP
_bspa
_cBNPHU
_erda
082 4 _bH988
_222
100 1 _aHuysmans, Joris Karl
_d1848-1907
_95111
_qCharles Marie Georges Huysmans
240 1 0 _aA rebours /
_lespañol
245 1 0 _aA contrapelo /
_cJoris-Karl Huysmans ; edición y traducción Juan Herrero
250 _a8va. edición
264 1 _aMadrid, España :
_bCatedra,
_c2016.
300 _a368 páginas
_c19 cm.
336 _2rdacontent
_atexto
_btxt
337 _2rdamedia
_asin mediación
_bn
338 _2rdacarrier
_avolumen
_bnc
490 1 _aLetras universales
_v17
500 _aJoris-Karl Huysmans (1848-1907), nacido en París fue primer seguidor de Zola, para luego entrar en la corriente espiritual, decadente y refinada, en la que brilló también Villiers de I´Isle-Adam, su gram amigo.
500 _aIncluye notas a pie de páginas.
504 _aBibliografía p: 89-91
520 _aA contrapelo es la gran novela de la ruptura con un naturalismo ya exhausto. Es la novela de la nueva sensibilidad estética, inconformista, encarnada en su protagonista, el exquisito y rebelde duque Jean Floressas Des Esseintes.
590 _aInventariado, 2023/ YL
700 1 _aHerrero, Juan
_eedición y traducción
_984436
910 _aYlockward
942 _2ddc
_cLBS1
999 _c55139
_d55139